| 000 | 00736nam a2200157 a 4500 | ||
|---|---|---|---|
| 001 | 000032332 | ||
| 005 | 20200930065603.0 | ||
| 008 | 110714s1940 dr c 000 0 spa d | ||
| 040 |
_aDO-SdBNP _bspa _cBNPHU |
||
| 082 |
_axxxx _bR426m |
||
| 110 | 1 |
_aRepública Dominicana. _bConsejo Administrativo del Distrito de Santo Domingo _957540 |
|
| 245 | 1 | 0 | _aMemoria que presenta el señor secretario de Estado de la Interior y Policia y al Consejo Administrativo del Distrito de Santo Domingo su presidente el señor Don Virgilio Alvarez Pina, relativa a la labores relizadas durante el año de 1939. |
| 260 |
_aCiudad Trujillo, República Dominicana : _bConsejo Administrativo, _c1940. |
||
| 300 |
_a485 p. : _bretrs. ; _c27 cm. |
||
| 049 | _aBNPD | ||
| 999 |
_c31823 _d31823 |
||